000
00321nam a2200121Ia 4500
008
190723s9999 xx 000 0 und d
020
_a
978-0-19-906014-6
100
_a
Mary Louise Becker
245
4
_a
The All-India Muslim League, 1906-1947
260
_a
New York
_b
Oxford Uni Press
_c
2013
300
_a
295.:p
942
_c
BK
999
_c
1723
_d
1723